| 000 | 02447cam a2200301 4500500 | ||
|---|---|---|---|
| 005 | 20260111150107.0 | ||
| 041 | _afre | ||
| 042 | _adc | ||
| 100 | 1 | 0 |
_aPiette, Albert _eauthor |
| 245 | 0 | 0 | _aOntographies comparées : divinités et êtres collectifs |
| 260 | _c2010. | ||
| 500 | _a46 | ||
| 520 | _aRésuméCet article se propose, sous la forme d’un exercice exploratoire, de comparer les modes de présence en situation d’êtres divins et collectifs. En s’intéressant aux détails des situations, l’observateur rencontre nécessairement selon le rythme des journées la coprésence des êtres humains, de divinités et d’êtres collectifs. Plutôt que la seule analyse des médiations et des dispositifs les re-présentant, des axes de lecture sont présentés pour comparer ces modes d’action et de présence des hommes, des divinités et des êtres collectifs. | ||
| 520 | _aThis article is an exploratory exercise, which aims to compare presence’s modes of gods and collective beings. The observer, who is interested by situations’ details and days’ rhythm, necessarily meets different copresences of human beings with gods and collective beings. The author thinks that the analyses are too often focused on mediations which represent divinities and institutions in situation. He proposes different axis to observe and compare presences and actions of invisible and virtual beings. | ||
| 520 | _aZusammenfassungDieser Artikel beschreibt die Analyse alltäglicher Situationen einzelner Individuen. Der Beobachter versteht sich im Rahmen dieser experimentellen Herangehensweise nicht als Ethnograph im klassischen Sinne, sondern als „Ontograph“. In dem er sich besonders für Detailfragen bestimmter Situationen interessiert, gelingt es ihm die Anwesenheit sowohl von Göttlichkeit als auch von Gemeinschaft wahrzunehmen. Göttlichkeit und Gemeinschaft sind die Hauptthemen der hier vorliegenden „epistemologischen Untersuchung“. | ||
| 690 | _aanthropologie | ||
| 690 | _adivinité | ||
| 690 | _aêtre collectif | ||
| 690 | _améthodologie | ||
| 690 | _aprésence | ||
| 690 | _aanthropology | ||
| 690 | _acollective beings | ||
| 690 | _agods | ||
| 690 | _amethodology | ||
| 690 | _apresence | ||
| 786 | 0 | _nEthnologie française | 40 | 2 | 2010-03-11 | p. 357-363 | 0046-2616 | |
| 856 | 4 | 1 | _uhttps://shs.cairn.info/revue-ethnologie-francaise-2010-2-page-357?lang=fr&redirect-ssocas=7080 |
| 999 |
_c1636988 _d1636988 |
||